| 000 | 00567nam a2200193 a 4500 | ||
|---|---|---|---|
| 005 | 20240924070637.0 | ||
| 008 | 991125s1984 mad 000 0 spa u | ||
| 020 | _a8420624047 | ||
| 035 | _aUPN01000009774 | ||
| 049 | _aCG | ||
| 050 | 4 |
_aD56 _bV4.28 |
|
| 100 | 1 |
_aVeyne, Paul, _d1930- |
|
| 245 | 1 | 0 |
_aCómo se escribe la historia : _bFoucault revoluciona la historia / _cPaul Veyne ; tr. Joaquina Aguilar. |
| 260 |
_aMadrid : _bAlianza, _c1984. |
||
| 300 | _a238 p. | ||
| 440 | 0 |
_aAlianza universidad ; _v404 |
|
| 650 | 4 |
_aHistoria _xFilosofía _96938 |
|
| 905 | _aLibro | ||
| 999 |
_c9774 _d9774 |
||